Os países com o custo de vida mais caro - Statistics

Estatísticas Gerais
  • Esse quiz foi jogado 125 vezes
  • A pontuação média é 18 de 25
Estatísticas das Respostas
# Países Price Index % Correto
4 Estados Unidos 193
96%
11 Canadá 174
94%
1 Suíça 238
94%
17 Alemanha 159
92%
5 Noruega 190
91%
24 Suécia 139
91%
23 França 144
87%
10 Reino Unido 178
87%
18 Japão 156
86%
8 Austrália 183
85%
15 Finlândia 164
83%
14 Nova Zelândia 173
80%
13 Holanda 173
79%
19 Bélgica 155
78%
3 Irlanda 210
76%
21 Áustria 148
75%
20 Coréia do Sul 152
75%
16 Luxemburgo 161
75%
12 Emirados Árabes Unidos 174
70%
9 Catar 178
65%
22 Malta 147
44%
6 Israel 189
42%
2 Bahamas 225
25%
25 Uruguai 131
19%
7 Barbados 187
14%
Nenhum quiz correspondente encontrado
Distribuição das Pontuações
Porcentagem de Pessoas com Cada Pontuação
Percentil de Números Respondidos
Sua Pontuação Histórica
Você não jogou esse quiz